000 00368nas a2200157 a 4500
003 DLC
005 20210219161754.0
008 130610c 9999 r1 0 0eng d
022 _a0956-4314
035 _aUPN01000191518
245 0 0 _aCHINA STUDY JOURNAL
260 _aLondres, Inglaterra
260 _bEditorial Address
905 _aRevista
999 _c163621
_d163621